Loading...
| Science - Biology | 0 | 9 | 2 | 2 | 80 | 32 | 51.56 | 2 | 7 |
| Science - Chemistry | 0 | 5 | 0 | 0 | 50 | 14 | 45.60 | 3 | 4 |
| Science - Physics | 0 | 4 | 0 | 3 | 40 | 63 | 85.00 | 0 | 0 |
| Current Events | 0 | 2 | 0 | 1 | 20 | 63 | 84.50 | 0 | 1 |
| History - American History | 0 | 2 | 0 | 1 | 20 | 71 | 78.50 | 0 | 0 |
| Literature - American Literature | 0 | 2 | 0 | 0 | 20 | 56 | 69.00 | 0 | 0 |
| Philosophy | 0 | 2 | 0 | 0 | 20 | 100 | 104.00 | 0 | 0 |
| Religion | 0 | 2 | 0 | 0 | 20 | 84 | 86.50 | 0 | 1 |
| Science - Other Science | 0 | 2 | 0 | 1 | 20 | 73 | 86.00 | 0 | 0 |
| Social Science | 0 | 2 | 0 | 0 | 20 | 84 | 90.50 | 0 | 1 |
| Literature - European Literature | 0 | 1 | 0 | 0 | 10 | 45 | 45.00 | 0 | 1 |
| Literature - World Literature | 0 | 1 | 0 | 0 | 10 | 59 | 59.00 | 0 | 0 |
| Fine Arts - Other Fine Arts | 0 | 1 | 0 | 0 | 10 | 72 | 72.00 | 0 | 0 |
| Pop Culture | 0 | 1 | 0 | 0 | 10 | 53 | 53.00 | 0 | 0 |
| Fine Arts - Classical Music | 0 | 1 | 0 | 1 | 10 | 116 | 116.00 | 0 | 0 |
| History - European History | 0 | 1 | 0 | 1 | 10 | 70 | 70.00 | 0 | 0 |
| History - Other History | 0 | 1 | 0 | 0 | 10 | 51 | 51.00 | 0 | 1 |
| History - World History | 0 | 1 | 0 | 0 | 10 | 88 | 88.00 | 0 | 0 |
| Geography | 0 | 1 | 0 | 0 | 10 | 74 | 74.00 | 1 | 1 |
| Painting/Sculpture | 0 | 1 | 1 | 0 | 5 | 56 | 56.00 | 0 | 1 |